[Event "Krakow op-D"]
[Site "Krakow"]
[Date "2000.12.27"]
[Round "1"]
[White "Sek, Lukasz"]
[Black "Blach, Barbara"]
[Result "0-1"]
[WhiteElo "1400"]
[BlackElo "1800"]
[PlyCount "88"]
[EventDate "2000.12.??"]
[EventType "swiss"]
[EventRounds "9"]
[EventCountry "POL"]
[SourceTitle "EXT 2005"]
[Source "ChessBase"]
[SourceDate "2004.11.15"]
[SourceVersion "1"]
[SourceVersionDate "2004.11.15"]
[SourceQuality "1"]

1. d4 Nf6 2. e3 g6 3. Nf3 d6 4. g3 Bg7 5. Bg2 Nc6 6. Nc3 Bg4 7. Ne2 Ne4 8. Nh4 Nf6 9. Bd2 e5 10. h3 Be6 11. Bc3 e4 12. Qd2 0-0 13. Rd1 d5 14. 0-0 Qd7 15. Bh1 Bxh3 16. Rfe1 Ng4 17. Nf4 g5 18. Nxh3 gxh4 19. gxh4 Bh6 20. Bg2 Qe7 21. h5 Kh8 22. Qe2 Qh4 23. Rf1 Rg8 24. Be1 Nxe3 25. fxe3 Qxh3 26. Bd2 Rg3 27. Rf2 Rag8 28. Re1 Ne7 29. Qf1 Nf5 30. Ree2 Nxe3 31. Bxe3 Bxe3 32. Rxe3 Rxe3 33. Rxf7 Qh4 34. Qf6+ Qxf6 35. Rxf6 Re2 36. Rf2 Rxf2 37. Kxf2 Rg5 38. h6 Rh5 39. c3 Rxh6 40. b4 Ra6 41. Ke3 Rxa2 42. Bxe4 dxe4 43. Kxe4 Rg2 44. Kd5 h5 0-1